Kairos(കയ്റോസ്) (Record no. 115303)

MARC details
000 -LEADER
fixed length control field 00446 a2200169 4500
005 - DATE AND TIME OF LATEST TRANSACTION
control field 20260328100406.0
008 - FIXED-LENGTH DATA ELEMENTS--GENERAL INFORMATION
fixed length control field 260328b |||||||| |||| 00| 0 eng d
020 ## - INTERNATIONAL STANDARD BOOK NUMBER
International Standard Book Number 9789364872508
080 ## - UNIVERSAL DECIMAL CLASSIFICATION NUMBER
Universal Decimal Classification number FM
Item number ERP/K
100 ## - MAIN ENTRY--PERSONAL NAME
Personal name Erpenbeck,Jenny
245 ## - TITLE STATEMENT
Title Kairos(കയ്റോസ്)
260 ## - PUBLICATION, DISTRIBUTION, ETC. (IMPRINT)
Name of publisher, distributor, etc D C books
Place of publication, distribution, etc Kottayam.
Date of publication, distribution, etc 2025.
300 ## - PHYSICAL DESCRIPTION
Extent 366p.
653 ## - INDEX TERM--UNCONTROLLED
Uncontrolled term Fiction-Novel-Malayalam Literature
700 ## - ADDED ENTRY--PERSONAL NAME
Personal name Babu Thaliath;tr.by
942 ## - ADDED ENTRY ELEMENTS (KOHA)
item type Under processing
Holdings
Lost status Source of classification or shelving scheme Not for loan Home library Current library Date acquired Cost, normal purchase price Total Checkouts Full call number Barcode Date last seen Cost, replacement price Price effective from Koha item type Public note
  Universal Decimal Classification Not For Loan University Library University Library 02/03/2026 286.68   FM ERP/K 00097383 02/03/2026 430.00 02/03/2026 Books processing
University Library, CUSAT